Odporcovia ťažby majú svoju primátorku
Boj o budúcnosť Kremnice medzi občianskym združením Kremnica nad zlato za nepovolenie ťažby zlata v Kremnici a spoločnosťou Kremnica Gold, ktorá je dcérskou spoločnosťou kanadskej firmy. Súboj vo vláde. Jasné "nie" Ministerstva pôdohospodárstva. Argumenty ťažobnej firmy. Príklad rakúskej bane Erzber...
Na minha lista:
| Autor principal: | |
|---|---|
| Formato: | Capítulo de Livro |
| Idioma: | eslovaco |
| Assuntos: | |
| Tags: |
Sem tags, seja o primeiro a adicionar uma tag!
|
MARC
| LEADER | 00000naa$a2200000$$$4500 | ||
|---|---|---|---|
| 001 | 0051828 | ||
| 005 | 20231009072112.7 | ||
| 041 | 0 | |a slo | |
| 044 | |a SK | ||
| 245 | 1 | 0 | |a Odporcovia ťažby majú svoju primátorku |c Jozef Ryník |
| 520 | |a Boj o budúcnosť Kremnice medzi občianskym združením Kremnica nad zlato za nepovolenie ťažby zlata v Kremnici a spoločnosťou Kremnica Gold, ktorá je dcérskou spoločnosťou kanadskej firmy. Súboj vo vláde. Jasné "nie" Ministerstva pôdohospodárstva. Argumenty ťažobnej firmy. Príklad rakúskej bane Erzberg v mestečku Eisenerz, ktoré je aj turistickým strediskom. | ||
| 610 | 2 | 0 | |a baníctvo |
| 610 | 2 | 0 | |a bane rudné |
| 610 | 2 | 0 | |a zlato |
| 610 | 2 | 0 | |a ťažba surovín |
| 610 | 2 | 0 | |a ekológia |
| 610 | 2 | 0 | |a ochrana prostredia životného |
| 100 | 1 | |a Ryník, Jozef | |